<?xml version="1.0" encoding="UTF-8"?><?xml-stylesheet type="text/xsl" href="static/style.xsl"?><OAI-PMH xmlns="http://www.openarchives.org/OAI/2.0/" xmlns:xsi="http://www.w3.org/2001/XMLSchema-instance" xsi:schemaLocation="http://www.openarchives.org/OAI/2.0/ http://www.openarchives.org/OAI/2.0/OAI-PMH.xsd"><responseDate>2026-04-13T05:55:06Z</responseDate><request verb="GetRecord" identifier="oai:www.recercat.cat:2099.1/22540" metadataPrefix="marc">https://recercat.cat/oai/request</request><GetRecord><record><header><identifier>oai:recercat.cat:2099.1/22540</identifier><datestamp>2025-07-22T17:47:14Z</datestamp><setSpec>com_2072_1033</setSpec><setSpec>col_2072_452951</setSpec></header><metadata><record xmlns="http://www.loc.gov/MARC21/slim" xmlns:dcterms="http://purl.org/dc/terms/" xmlns:xsi="http://www.w3.org/2001/XMLSchema-instance" xmlns:doc="http://www.lyncode.com/xoai" xsi:schemaLocation="http://www.loc.gov/MARC21/slim http://www.loc.gov/standards/marcxml/schema/MARC21slim.xsd">
   <leader>00925njm 22002777a 4500</leader>
   <datafield ind2=" " ind1=" " tag="042">
      <subfield code="a">dc</subfield>
   </datafield>
   <datafield ind2=" " ind1=" " tag="720">
      <subfield code="a">García Crevillén, Carlos</subfield>
      <subfield code="e">author</subfield>
   </datafield>
   <datafield ind2=" " ind1=" " tag="260">
      <subfield code="c">2014-03</subfield>
   </datafield>
   <datafield ind2=" " ind1=" " tag="520">
      <subfield code="a">La necesidad de comunicación entre las tropas, en la segunda guerra mundial, supuso un reto para la tecnología de telecomunicación en aquellos tiempos. Esa necesidad fue solventada con la creación del primer Walkie-Talkie creado por la compañía Motorola.&#xd;
En la actualidad, transcurridos casi 70 años desde la invención de este sistema de radiocomunicación, todavía está en uso gracias a su sencillez y la rápida comunicación que ofrece. La mayoría de sistemas de comunicación diseñados para el sector de la seguridad privada siguen utilizando esta tecnología, combinándola en algunos casos con la telefonía móvil terrestre. Sin embargo esta tecnología limita movilidad de los vigilantes ya que durante la comunicación mantiene ocupada, al menos, una de las manos de los vigilantes.&#xd;
El objetivo de este proyecto es solucionar el conflicto que tienen las empresas de seguridad privada de cómo asistir, controlar y mantener comunicado al vigilante de seguridad de forma continua y eficiente. De este conflicto surge la necesidad de buscar una solución tecnológica. Para ello, en este proyecto se utilizarán las últimas tecnologías disponibles en el mercado, como son los Smartwatch o tecnología que en breve estará disponible como son las Google Glass.&#xd;
Este proyecto establecerá las bases de diseño de un sistema integrado de asistencia, control y comunicación para empresas de seguridad privada en España. Primero se presenta un análisis de la situación actual del sector de la seguridad privada, posteriormente de los usuarios del sistema y sus necesidades, finalmente el diseño de la solución final, estudio económico y planificación para la implantación del sistema.</subfield>
   </datafield>
   <datafield tag="653" ind2=" " ind1=" ">
      <subfield code="a">Àrees temàtiques de la UPC::Enginyeria de la telecomunicació::Radiocomunicació i exploració electromagnètica</subfield>
   </datafield>
   <datafield tag="653" ind2=" " ind1=" ">
      <subfield code="a">Transistors</subfield>
   </datafield>
   <datafield tag="653" ind2=" " ind1=" ">
      <subfield code="a">Global system for mobile communications</subfield>
   </datafield>
   <datafield tag="653" ind2=" " ind1=" ">
      <subfield code="a">Transistors</subfield>
   </datafield>
   <datafield tag="653" ind2=" " ind1=" ">
      <subfield code="a">Sistema global per a comunicacions mòbils</subfield>
   </datafield>
   <datafield ind2="0" ind1="0" tag="245">
      <subfield code="a">Sistema integrado de asistencia, control y comunicación para empresas de seguridad privada en España</subfield>
   </datafield>
</record></metadata></record></GetRecord></OAI-PMH>